| 000 | 00794cam a2200193 4500 | ||
|---|---|---|---|
| 001 | WS118817 | ||
| 008 | 020715n 000 0 eng u | ||
| 035 | _a(Sirsi) u118817 | ||
| 110 |
_aAppraisal Institute of Canada _9829 |
||
| 245 | _aAppraisal Institute of Canada | ||
| 520 | _aWeb site for this Canadian society of professional real estate valuers. Includes links to the Canadian Uniform Standards of Professional Appraisal Practice, details of appraisers, a list of members and a link to the Canadian Appraiser Magazine. | ||
| 650 | _aORGANISATION | ||
| 650 | _aCANADA | ||
| 650 | _aSTANDARDS | ||
| 650 | _aINTERNATIONAL | ||
| 690 | _aPROPERTY-PROPERTY APPRAISAL AND VALUATION | ||
| 856 | 4 | 0 |
_uhttps://www.aicanada.org _zView the website free of charge at aicanada.org... |
| 942 | _n0 | ||
| 999 |
_c120091 _d120091 |
||